| 000 | 00553nam a2200181 a 4500 | ||
|---|---|---|---|
| 005 | 20230808063551.0 | ||
| 008 | 051122s2000 mx r 000 0 spa d | ||
| 020 | _a9706547053 | ||
| 035 | _aUPN01000141214 | ||
| 049 | _aCG | ||
| 050 | 4 |
_aJA74.5 _bC5.8 |
|
| 245 | 0 | 3 |
_aLa ciudadanía : _bestudios de psicología política y representación social / _ccoord. Juana Juárez. |
| 260 |
_aMéxico : _bUAM-Iztapalapa, _c2000. |
||
| 300 |
_a210 p. : _bcuadros |
||
| 650 | 4 |
_aPsicología política _97126 |
|
| 700 | 1 |
_aJuárez, Juana, _ecoord. |
|
| 905 | _aLibro | ||
| 999 |
_c113361 _d113361 |
||